Hệ mặt trời
Vấn đề chuyển động lùi của các hành tinh. Lịch sử thiên văn học. Những bí ẩn của vũ trụ và hệ mặt trời. Lịch sử nghiên cứu hệ mặt trời, các hành tinh, sao chổi của loài người và sự cống hiến vĩ đại của các nhà khoa học từ trước công nguyên cho tới nay...
Na minha lista:
| Autor principal: | |
|---|---|
| Outros Autores: | |
| Formato: | Livro |
| Idioma: | Vietnamese |
| Publicado em: |
H.
Khoa học và kỹ thuật
1980
|
| Assuntos: | |
| Tags: |
Adicionar Tag
Sem tags, seja o primeiro a adicionar uma tag!
|
| Thư viện lưu trữ: | Mạng thư viện Đại học Đà Nẵng |
|---|
| LEADER | 01383nam a2200337 4500 | ||
|---|---|---|---|
| 001 | 000008716 | ||
| 003 | 4908 | ||
| 005 | 20120329070313.0 | ||
| 008 | 111019s1980 viesd | ||
| 041 | 0 | |a vie | |
| 082 | |a 523.2 |b AI-A | ||
| 100 | 0 | |a Aximốp, Aizơc | |
| 245 | 0 | |a Hệ mặt trời |c Aizơc Aximốp ; Dịch: Đắc Lê | |
| 260 | |a H. |b Khoa học và kỹ thuật |c 1980 | ||
| 300 | |a 187 tr. |c 19 cm | ||
| 520 | |a Vấn đề chuyển động lùi của các hành tinh. Lịch sử thiên văn học. Những bí ẩn của vũ trụ và hệ mặt trời. Lịch sử nghiên cứu hệ mặt trời, các hành tinh, sao chổi của loài người và sự cống hiến vĩ đại của các nhà khoa học từ trước công nguyên cho tới nay | ||
| 653 | |a hệ mặt trời | ||
| 653 | |a vũ trụ | ||
| 653 | |a thiên văn học | ||
| 700 | |a Đắc Lê |e Dịch | ||
| 910 | |a Thanh |d 19/10/2011 | ||
| OWN | |a LSP | ||
| AVA | |a UDN50 |b LSP |d 523.2 AI-A |e available |t Error 5001 Not defined in file expand_doc_bib_avail. |f 4 |g 3 |h N |i 0 |k 1 | ||
| 999 | |a From the UDN01 | ||
| AVA | |a UDN50 |b LSP |d 523.2 AI-A |e available |t Error 5001 Not defined in file expand_doc_bib_avail. |f 4 |g 3 |h N |i 0 |k 1 | ||
| TYP | |a Monograph | ||
| TYP | |a Printed language | ||
| 980 | |a Mạng thư viện Đại học Đà Nẵng | ||